Ανδρέας Λασκαράτος : σατιρικοί και ευθυμογράφοι
Saved in:
| Other Authors: | |
|---|---|
| Format: | Book |
| Language: | Greek |
| Published: |
Αθήνα :
Αετός,
1954.
|
| Series: | Βασική βιβλιοθήκη (Αετός)
; 23 |
| Subjects: | |
| Tags: |
Add Tag
No Tags, Be the first to tag this record!
|
MARC
| LEADER | 00000cam a2200000 i 4500 | ||
|---|---|---|---|
| 001 | 1/35202 | ||
| 008 | 960912s1954 gr | ||| |||| ||gre|| | ||
| 035 | |l 10024259 | ||
| 040 | |a GR-MY-UA |b gre |e aacr | ||
| 041 | 0 | |a gre | |
| 082 | 7 | |a 889.7 |2 (22) | |
| 245 | 1 | 0 | |a Ανδρέας Λασκαράτος : |b σατιρικοί και ευθυμογράφοι / |c επιμέλεια: Δημ. Μάργαρη. |
| 260 | |a Αθήνα : |b Αετός, |c 1954. | ||
| 300 | |a 366 σ. ; |c 24 εκ. | ||
| 490 | 1 | |a (Βασική βιβλιοθήκη / Αετός ; |v 23) | |
| 650 | 0 | 0 | |a Satire, Greek. |
| 700 | 1 | |a Μάργαρης, Δημήτριος Κ., |d 1879-1963, |e edt | |
| 830 | 0 | |a Βασική βιβλιοθήκη (Αετός) |v ; 23 | |
| 852 | |a INST |b CHIOS |e 19960912 |h 889.7 ΑΝΔ |p 005200011808 |q 005200011808 |t BK |y 0 | ||
| 852 | |a INST |b RHODES |c AKA |e 20090519 |h 889.7 ΑΝΔ |p 005400032102 |q 005400032102 |t BK |y 0 | ||
| 901 | |a BIBL4-2009-2 | ||
| 909 | |a Χ |b 047372 | ||
| 909 | |a Ρ |b 157126 | ||
| 970 | |z 12-09-1996 | ||